IIT-JEE Chemistry (Record no. 33534)
[ view plain ]
| 000 -LEADER | |
|---|---|
| fixed length control field | 004490000a22001810004500 |
| 003 - CONTROL NUMBER IDENTIFIER | |
| control field | MACL |
| 005 - DATE AND TIME OF LATEST TRANSACTION | |
| control field | 20160122163803.0 |
| 008 - FIXED-LENGTH DATA ELEMENTS--GENERAL INFORMATION | |
| fixed length control field | 160122b xxu||||| |||| 00| 0 eng d |
| 040 ## - CATALOGING SOURCE | |
| Original cataloging agency | MACL |
| Transcribing agency | MACL |
| 041 ## - LANGUAGE CODE | |
| Language code of text/sound track or separate title | English |
| 082 ## - DEWEY DECIMAL CLASSIFICATION NUMBER | |
| Classification number | 540/CPH |
| 100 ## - MAIN ENTRY--PERSONAL NAME | |
| Personal name | Krishan, Dr Sushil |
| 9 (RLIN) | 34171 |
| 245 ## - TITLE STATEMENT | |
| Title | IIT-JEE Chemistry |
| 260 ## - PUBLICATION, DISTRIBUTION, ETC. (IMPRINT) | |
| Name of publisher, distributor, etc. | Century Publishing House |
| Date of publication, distribution, etc. | 2002 |
| Place of publication, distribution, etc. | New Delhi |
| 350 ## - PRICE (NR) (BK AM CF MU VM SE) [OBSOLETE] | |
| Price | 415 |
| 650 ## - SUBJECT ADDED ENTRY--TOPICAL TERM | |
| Topical term or geographic name as entry element | Chemistry |
| 9 (RLIN) | 34173 |
| 942 ## - ADDED ENTRY ELEMENTS (KOHA) | |
| Koha item type | Books |
| Call number prefix | 540/KRI |
| Source of classification or shelving scheme | |
| Withdrawn status | Lost status | Source of classification or shelving scheme | Damaged status | Not for loan | Home library | Current library | Date acquired | Cost, normal purchase price | Total Checkouts | Full call number | Barcode | Date last seen | Date last checked out | Uniform Resource Identifier | Price effective from | Koha item type | Total Renewals |
|---|---|---|---|---|---|---|---|---|---|---|---|---|---|---|---|---|---|
| MACL | MACL | 15/04/2015 | 415.00 | 1 | 540/KRI | CLC000580 | 02/05/2017 | 28/04/2017 | 33591 | 15/04/2015 | Books | ||||||
| MACL | MACL | 24/01/2016 | 415.00 | 2 | 540/CPH | CLC000019 | 01/02/2017 | 22/09/2016 | 24/01/2016 | Books | 1 |









